=LDR 00000nam 2200000 4500 =001 INLIS000000000000835 =005 20130612085246 =008 ***********************************Ind** =035 ##$$0010-061300000000835 =041 ##$$a Ind =082 ##$$a 92(Samanhudi) =090 ##$$a 92(Samanhudi), Mul-h =100 ##$$a Mulyono =245 ##$$a Haji samanhudi, Mulyono dan Sutrisno Kutoyo =260 ##$$a 1980 $b Jakarta =300 ##$$a 120 hlm, ilus, 21cm =650 ##$$a Samanhudi,Haji =700 ##$$a Kutoyo, Sutrisno =850 ##$$a NBPNMAT